Normal view MARC view

Entry Nombre personal

Number of records used in: 115

001 - NÚMERO DE CONTROL

  • campo de control: 233841

003 - IDENTIFICADOR DE NÚMERO DE CONTROL

  • campo de control: SpMaBN

005 - FECHA Y HORA DE LA ÚLTIMA TRANSACCIÓN

  • campo de control: 20250522162647.0

008 - ELEMENTOS DE DATO DE LONGITUD-FIJA

  • campo de control de longitud fija: 901120n| aijnnaabn a aaa

016 ## - NÚMERO DE CONTROL DE UNA AGENCIA BIBLIOGRÁFICA NACIONAL

  • Número de control del registro: BNE19900068655

024 7# - IDENTIFICADOR DE OTROS ESTÁNDARES

  • Número estándar o código: http://viaf.org/viaf/107584642/
  • Fuente: viaf

024 8# - IDENTIFICADOR DE OTROS ESTÁNDARES

  • Número estándar o código: https://data.cervantesvirtual.com/person/73848

024 7# - IDENTIFICADOR DE OTROS ESTÁNDARES

  • Número estándar o código: https://isni.org/isni/0000000116971790
  • Fuente: isni

024 7# - IDENTIFICADOR DE OTROS ESTÁNDARES

  • Número estándar o código: http://www.wikidata.org/entity/Q130746
  • Fuente: wikidata

040 ## - FUENTE DE CATALOGACIÓN

  • Centro catalogador/agencia de origen: SpMaBN
  • Lengua de catalogación: spa
  • Centro/agencia transcriptor: SpMaBN
  • Normas de descripción: rdc
  • Convención/Normas de encabezamiento de materia/tesauro: embne

046 ## - FECHAS CON CODIFICACIÓN ESPECIAL

  • Fecha de nacimiento: 1926
  • Fecha de la muerte: 2012

100 1# - ENCABEZAMIENTO-NOMBRE DE PERSONA

  • Nombre de persona: García Calvo, Agustín,
  • Fechas asociadas al nombre: 1926-2012

370 ## - LUGAR ASOCIADO

  • Lugar de nacimiento: Zamora, España
  • Fuente de información: (Wikidata)
  • Número de control del registro de autoridad o número normalizado: XX451729

372 ## - CAMPO DE ACTIVIDAD

  • Campo de actividad: Poesía
  • Fuente de información: Wikidata

373 ## - GRUPO ASOCIADO

  • Grupo asociado: Librepensador
  • Fuente de información: Wikidata

374 ## - OCUPACIÓN

  • Ocupación: Filósofos
  • Ocupación: Escritores
  • Ocupación: Traductores
  • Fuente de información: Wikidata

375 ## - GÉNERO/SEXO

  • Género: Masculino

377 ## - IDIOMA ASOCIADO

  • Término de lengua/lenguaje: Francés
  • Término de lengua/lenguaje: Español

400 1# - TRAZADO DE VÉASE--NOMBRE DE PERSONA

  • Nombre de persona: García Calvo, A.,
  • Fechas asociadas al nombre: 1926-2012

670 ## - FUENTE DE DATOS ENCONTRADOS

  • Cita de la fuente: El amor y los 2 sexos, 1982
  • Información encontrada: port. (Agustín García Calvo)

670 ## - FUENTE DE DATOS ENCONTRADOS

  • Cita de la fuente: Los carboneros, 1981
  • Información encontrada: port. (A. García Calvo)

670 ## - FUENTE DE DATOS ENCONTRADOS

  • Cita de la fuente: Dic. de filosofía, 1980
  • Información encontrada: (García Calvo, Agustín; n. 1926 en Zamora)

670 ## - FUENTE DE DATOS ENCONTRADOS

  • Cita de la fuente: Dic. de traductores, 1992
  • Información encontrada: (García Calvo, Agustín; traduce del griego antiguo, latín, francés e inglés al castellano; prof. univ.)

670 ## - FUENTE DE DATOS ENCONTRADOS

  • Cita de la fuente: WWW Wikipedia, 7-11-2012
  • Información encontrada: (Agustín García Calvo; gramático, poeta, dramaturgo, ensayista, traductor y filósofo español; n. en Zamora en 1926, m. 2012)